| 000 | 00920nam a2200205Ia 4500 | ||
|---|---|---|---|
| 999 |
_c49173 _d49173 |
||
| 001 | 16084 | ||
| 003 | GE_BSU | ||
| 005 | 20241209144557.0 | ||
| 008 | 181216s2005||||ge |||||||||||||| ||geo|| | ||
| 040 | _cGE_BSU | ||
| 041 | _ageo | ||
| 080 | _a1(479.22) ფ-56 | ||
| 245 |
_aფილოსოფიური ძიებანი = Philosophical investigations : _bკრებული 9 / _cრედ. : სერგი ავალიანი ; სარედ. კოლ. : ა. ბრეგაძე, გ. ბარამიძე და სხვ. |
||
| 264 |
_aთბილისი : _bშპს გამ-ბა ”ლეგას”, _c2005. |
||
| 300 |
_a412 გვ. ; _c20 სმ. |
||
| 653 | _aPhilosophical investigations | ||
| 653 | _aფილოსოფიური ძიებანი | ||
| 700 |
_aავალიანი, სერგი _eრედაქტორი _9356 |
||
| 942 |
_cBK _2udc |
||